000 00746cam a22002533a 4500
001 5797
003 PGUSA
005 20140828083124.0
008 040501s2004||||xxu|||||s|||||000 1 eng d
040 _aPGUSA
_beng
042 _adc
050 4 _aPS
100 1 _aKelland, Clarence Budington,
_d1881-1964
245 1 0 _aYouth Challenges
_h[electronic resource] /
_cClarence Budington Kelland
260 _bProject Gutenberg,
_c2004
506 _aPublic domain in the USA.
516 _aElectronic text
653 _aIndustrial relations -- Fiction
653 _aChildren of the rich -- Fiction
653 _aMarried people -- Fiction
830 0 _aProject Gutenberg
_v5797
856 4 0 _uhttp://www.gutenberg.org/ebooks/5797
942 _cEB
999 _c235125
_d235125